Normal view
MARC view
- Bangladesh
Entry Geographic Name
001 - CONTROL NUMBER
- control field: 11623
003 - CONTROL NUMBER IDENTIFIER
- control field: NUST
005 - DATE AND TIME OF LATEST TRANSACTION
- control field: 20180712091645.0
008 - FIXED-LENGTH DATA ELEMENTS
- fixed length control field: 180712|| aca||aabn | a|a d
040 ## - CATALOGING SOURCE
- Original cataloging agency: NUST
- Transcribing agency: NUST
151 ## - HEADING--GEOGRAPHIC NAME
- Geographic name: Bangladesh
- General subdivision: History
- Chronological subdivision: Revolution, 1971
- Form subdivision: Fiction.
670 ## - SOURCE DATA FOUND
- Source citation: Work cat.: (NUST)173184: Anam, Tahmima, 1975- 11620, A golden age :, 2008
